000 00217nam a22000857a 4500
008 170221b xxu||||| |||| 00| 0 eng d
100 _92933
_aWancho.I.C.
245 _aHistory our part-II-VII
260 _aNew Delhi
_bAPC
_c2009
999 _c6174
_d6174